| 000 | 01837nam1a22003131 4500 | ||
|---|---|---|---|
| 001 | rc\3928942 | ||
| 005 | 20250807185148.0 | ||
| 035 | _a(NLR Aleph) 008030914 | ||
| 090 |
_a88649 _c88649 |
||
| 100 | _a20130415d1946 u y0rusy50 ca | ||
| 101 | 0 | _arus | |
| 102 | _aRU | ||
| 105 | _a z ||||| | ||
| 200 | 1 |
_aАльбом рабочих чертежей стахановских инструментов и приспособлений _fМинистерство строит-ва предприятий тяжелой индустрии СССР. Техн. упр. Всесоюз. науч.-исслед. ин-т по орг-ции и механизации строит-ва "ВНИОМС" |
|
| 205 | _a2-е изд., перераб. и доп. Вып. 1- | ||
| 210 |
_aМосква _cСтройиздат _d1946 _gТип. № 2 Упр. изд-в и полиграфии Ленгорисполкома |
||
| 215 | _d29 | ||
| 606 |
_aСтроительные работы _xСтахановские приспособления _jЧертежи _2psbo |
||
| 606 |
_aКаменные работы _xСтахановские приспособления _jЧертежи _2psbo |
||
| 712 | 0 | 2 |
_a"Стройпроектмеханизация", контора _cМосква _3RU\NLR\AUTH\8810177417 |
| 712 | 0 | 1 |
_aСССР _bМинистерство строительства предприятий тяжелой индустрии _bТехническое управление _3RU\NLR\AUTH\8810164838 |
| 712 | 0 | 2 |
_aВНИИ организации и механизации строительства _3RU\NLR\AUTH\8815997 |
| 801 | 0 |
_aRU _bNLR _gpsbo |
|
| 801 | 1 |
_aRU _bELAR _2rusmarc |
|
| 852 |
_aNLR _jТ80 Г-8/97 |
||
| 942 | _cBOOK | ||
| 945 | _aРоссийская национальная библиотека | ||
| 980 | _aNB | ||
| 980 | _aBV | ||